[Event "Stay Safe Play From Home 365"]
[Site "Emanuel Lasker Arena"]
[Date "2020.08.07"]
[Round "4"]
[White "Stefanone"]
[Black "Ao017545"]
[Result "1-0"]
[WhiteElo "1935"]
[BlackElo "1734"]
[Annotator "NA"]
[PlyCount "91"]
[EventDate "2020.08.07"]
[EventType "swiss (blitz)"]

1. d4 {[%emt 0:00:01]} e6 {[%emt 0:00:01]} 2. e3 {[%emt 0:00:00]} Nf6 {[%emt 0:00:01]} 3. f4 {[%emt 0:00:00]} d5 {[%emt 0:00:01]} 4. Nf3 {[%emt 0:00:00]} Ne4 {[%emt 0:00:01]} 5. Bd3 {[%emt 0:00:00]} h5 {[%emt 0:00:01]} 6. Bxe4 {[%emt 0:00:00]} dxe4 {[%emt 0:00:02]} 7. Ne5 {[%emt 0:00:00]} f6 {[%emt 0:00:04]} 8. Nc4 {[%emt 0:00:02]} b5 {[%emt 0:00:02]} 9. Ncd2 {[%emt 0:00:01]} f5 {[%emt 0:00:00]} 10. Qe2 {[%emt 0:00:00]} Ba6 {[%emt 0:00:03]} 11. O-O {[%emt 0:00:01]} b4 {[%emt 0:00:00]} 12. c4 {[%emt 0:00:01]} bxc3 {[%emt 0:00:02]} 13. Qf2 {[%emt 0:00:01]} cxd2 {[%emt 0:00:01]} 14. Nxd2 {[%emt 0:00:00]} Bxf1 {[%emt 0:00:01]} 15. Nxf1 {[%emt 0:00:00]} Nd7 {[%emt 0:00:01]} 16. Bd2 {[%emt 0:00:00]} h4 {[%emt 0:00:03]} 17. Bc3 {[%emt 0:00:00]} h3 {[%emt 0:00:01]} 18. g3 {[%emt 0:00:01]} Nb6 {[%emt 0:00:04]} 19. Nd2 {[%emt 0:00:00]} Nd5 {[%emt 0:00:02]} 20. Ba5 {[%emt 0:00:03]} Bb4 {[%emt 0:00:02]} 21. Bxb4 {[%emt 0:00:02]} Nxb4 {[%emt 0:00:00]} 22. Nc4 {[%emt 0:00:00]} Nd3 {[%emt 0:00:01]} 23. Qc2 {[%emt 0:00:02]} Qd5 {[%emt 0:00:02]} 24. b3 {[%emt 0:00:01]} Kf7 {[%emt 0:00:01]} 25. Rf1 {[%emt 0:00:02]} g5 {[%emt 0:00:01]} 26. fxg5 {[%emt 0:00:03]} Rab8 {[%emt 0:00:02]} 27. Qe2 {[%emt 0:00:02]} Rbg8 {[%emt 0:00:01]} 28. Kh1 {[%emt 0:00:01]} Rxg5 {[%emt 0:00:01]} 29. Rb1 {[%emt 0:00:04]} Rg4 {[%emt 0:00:02]} 30. Nd2 {[%emt 0:00:01]} Qb5 {[%emt 0:00:03]} 31. Nc4 {[%emt 0:00:01]} Qa6 {[%emt 0:00:03]} 32. Rf1 {[%emt 0:00:02]} Qc6 {[%emt 0:00:02]} 33. Qxg4 {[%emt 0:00:01]} Ke7 {[%emt 0:00:04]} 34. Qg7+ {[%emt 0:00:02]} Kd8 {[%emt 0:00:04]} 35. Qxh8+ {[%emt 0:00:01]} Kd7 {[%emt 0:00:00]} 36. Ne5+ {[%emt 0:00:01]} Kd6 {[%emt 0:00:02]} 37. Nxc6 {[%emt 0:00:01]} Kxc6 {[%emt 0:00:00]} 38. Qd8 {[%emt 0:00:01]} Kb6 {[%emt 0:00:01]} 39. Rd1 {[%emt 0:00:02]} Kb5 {[%emt 0:00:00]} 40. Qd7+ {[%emt 0:00:01]} Kb4 {[%emt 0:00:00]} 41. Qxc7 {[%emt 0:00:01]} Ka3 {[%emt 0:00:00]} 42. Qc2 {[%emt 0:00:01]} Nf2+ {[%emt 0:00:00]} 43. Qxf2 {[%emt 0:00:02]} a5 {[%emt 0:00:00]} 44. Qf4 {[%emt 0:00:00]} e5 {[%emt 0:00:00]} 45. d5 {[%emt 0:00:00]} a4 {[%emt 0:00:00]} 46. Qxe5 {[%emt 0:00:01] Zaman Zaman Zaman Zaman Zaman (Lag: Av=0.72s, max=1.7s) (Lag: Av=0.72s, max=1.7s) (Lag: Av=0.72s, max=1.7s) (Lag: Av=0.72s, max=1.7s) (Lag: Av=0.72s, max=1.7s)} 1-0

[Event "Stay Safe Play From Home 365"]
[Site "Emanuel Lasker Arena"]
[Date "2020.08.07"]
[Round "4"]
[White "Buzaglo"]
[Black "Cirovicz"]
[Result "1-0"]
[WhiteElo "1821"]
[BlackElo "1780"]
[Annotator "NA"]
[PlyCount "119"]
[EventDate "2020.08.07"]
[EventType "swiss (blitz)"]

1. d4 {[%emt 0:00:01]} e6 {[%emt 0:00:01]} 2. Nf3 {[%emt 0:00:00]} Nf6 {[%emt 0:00:00]} 3. g3 {[%emt 0:00:00]} c5 {[%emt 0:00:00]} 4. Bg2 {[%emt 0:00:00]} cxd4 {[%emt 0:00:00]} 5. O-O {[%emt 0:00:00]} Nc6 {[%emt 0:00:00]} 6. Nxd4 {[%emt 0:00:01]} Nxd4 {[%emt 0:00:01]} 7. Qxd4 {[%emt 0:00:00]} d5 {[%emt 0:00:00]} 8. c4 {[%emt 0:00:01]} dxc4 {[%emt 0:00:02]} 9. Qxd8+ {[%emt 0:00:01]} Kxd8 {[%emt 0:00:01]} 10. Rd1+ {[%emt 0:00:00]} Ke8 {[%emt 0:00:01]} 11. Nd2 {[%emt 0:00:00]} Bc5 {[%emt 0:00:03]} 12. Nxc4 {[%emt 0:00:01]} Ke7 {[%emt 0:00:01]} 13. Bg5 {[%emt 0:00:02]} Rd8 {[%emt 0:00:01]} 14. Bxf6+ {[%emt 0:00:00]} gxf6 {[%emt 0:00:01]} 15. Rxd8 {[%emt 0:00:02]} Kxd8 {[%emt 0:00:01]} 16. Rc1 {[%emt 0:00:00]} Ke7 {[%emt 0:00:01]} 17. Na5 {[%emt 0:00:03]} Bb6 {[%emt 0:00:01]} 18. Nxb7 {[%emt 0:00:01]} Bxb7 {[%emt 0:00:01]} 19. Bxb7 {[%emt 0:00:00]} Rb8 {[%emt 0:00:01]} 20. Ba6 {[%emt 0:00:01]} Bd4 {[%emt 0:00:03]} 21. b3 {[%emt 0:00:01]} f5 {[%emt 0:00:02]} 22. Bc4 {[%emt 0:00:01]} Rb7 {[%emt 0:00:02]} 23. e3 {[%emt 0:00:00]} Be5 {[%emt 0:00:01]} 24. Rd1 {[%emt 0:00:01]} h5 {[%emt 0:00:02]} 25. Kg2 {[%emt 0:00:01]} Bf6 {[%emt 0:00:01]} 26. h4 {[%emt 0:00:01]} e5 {[%emt 0:00:01]} 27. Kf3 {[%emt 0:00:01]} f4 {[%emt 0:00:01]} 28. gxf4 {[%emt 0:00:01]} exf4 {[%emt 0:00:01]} 29. Kxf4 {[%emt 0:00:00]} Bxh4 {[%emt 0:00:02]} 30. Rd5 {[%emt 0:00:04]} f6 {[%emt 0:00:02]} 31. Rxh5 {[%emt 0:00:01]} Bg5+ {[%emt 0:00:01]} 32. Kf5 {[%emt 0:00:02]} Rb6 {[%emt 0:00:02]} 33. Rh7+ {[%emt 0:00:01]} Kd6 {[%emt 0:00:01]} 34. Rxa7 {[%emt 0:00:00]} Kc5 {[%emt 0:00:01]} 35. Rc7+ {[%emt 0:00:01]} Kb4 {[%emt 0:00:01]} 36. Re7 {[%emt 0:00:03]} Rd6 {[%emt 0:00:01]} 37. Rb7+ {[%emt 0:00:03]} Ka3 {[%emt 0:00:02]} 38. Ra7+ {[%emt 0:00:01]} Kb4 {[%emt 0:00:01]} 39. e4 {[%emt 0:00:01]} Rd2 {[%emt 0:00:01]} 40. f4 {[%emt 0:00:01]} Bh4 {[%emt 0:00:01]} 41. e5 {[%emt 0:00:01]} fxe5 {[%emt 0:00:01]} 42. fxe5 {[%emt 0:00:00]} Rf2+ {[%emt 0:00:00]} 43. Ke6 {[%emt 0:00:01]} Bg3 {[%emt 0:00:00]} 44. Rb7+ {[%emt 0:00:02]} Ka3 {[%emt 0:00:01]} 45. b4 {[%emt 0:00:00]} Re2 {[%emt 0:00:02]} 46. Kf5 {[%emt 0:00:03]} Rxe5+ {[%emt 0:00:01]} 47. Kg4 {[%emt 0:00:01]} Bh2 {[%emt 0:00:01]} 48. b5 {[%emt 0:00:03]} Re4+ {[%emt 0:00:01]} 49. Kh3 {[%emt 0:00:03]} Rxc4 {[%emt 0:00:00]} 50. Kxh2 {[%emt 0:00:01]} Kxa2 {[%emt 0:00:01]} 51. b6 {[%emt 0:00:00]} Rb4 {[%emt 0:00:01]} 52. Kg3 {[%emt 0:00:00]} Kb3 {[%emt 0:00:00]} 53. Rb8 {[%emt 0:00:01]} Rb5 {[%emt 0:00:01]} 54. b7 {[%emt 0:00:00]} Kb4 {[%emt 0:00:00]} 55. Kf4 {[%emt 0:00:01]} Rb6 {[%emt 0:00:00]} 56. Ke4 {[%emt 0:00:01]} Kb5 {[%emt 0:00:01]} 57. Kd5 {[%emt 0:00:00]} Ka6 {[%emt 0:00:01]} 58. Ra8+ {[%emt 0:00:01]} Kxb7 {[%emt 0:00:01]} 59. Rf8 {[%emt 0:00:00]} Rb5+ {[%emt 0:00:01]} 60. Kc4 {[%emt 0:00:00] Time Time Time Time Time (Lag: Av=0.93s, max=1.8s) (Lag: Av=0.93s, max=1.8s) (Lag: Av=0.93s, max=1.8s) (Lag: Av=0.93s, max=1.8s) (Lag: Av=0.93s, max=1.8s)} 1-0

[Event "Stay Safe Play From Home 365"]
[Site "Emanuel Lasker Arena"]
[Date "2020.08.07"]
[Round "4"]
[White "Oznog"]
[Black "Lazieri3"]
[Result "0-1"]
[WhiteElo "1816"]
[BlackElo "2017"]
[PlyCount "58"]
[EventDate "2020.08.07"]
[EventType "swiss (blitz)"]

1. d4 {[%emt 0:00:01]} c6 {[%emt 0:00:00]} 2. c4 {[%emt 0:00:01]} d5 {[%emt 0:00:00]} 3. Nc3 {[%emt 0:00:01]} Nf6 {[%emt 0:00:01]} 4. Nf3 {[%emt 0:00:01]} Bf5 {[%emt 0:00:01]} 5. e3 {[%emt 0:00:00]} e6 {[%emt 0:00:00]} 6. cxd5 {[%emt 0:00:01]} exd5 {[%emt 0:00:01]} 7. Bd3 {[%emt 0:00:00]} Ne4 {[%emt 0:00:01]} 8. Bxe4 {[%emt 0:00:02]} Bxe4 {[%emt 0:00:00]} 9. Nxe4 {[%emt 0:00:02]} dxe4 {[%emt 0:00:00]} 10. Nd2 {[%emt 0:00:01]} f5 {[%emt 0:00:01]} 11. O-O {[%emt 0:00:03]} Bd6 {[%emt 0:00:00]} 12. Nc4 {[%emt 0:00:04]} Bc7 {[%emt 0:00:01]} 13. f4 {[%emt 0:00:01]} O-O {[%emt 0:00:02]} 14. Ne5 {[%emt 0:00:02]} Nd7 {[%emt 0:00:01]} 15. Bd2 {[%emt 0:00:01]} Nxe5 {[%emt 0:00:01]} 16. fxe5 {[%emt 0:00:00]} Kh8 {[%emt 0:00:01]} 17. Bb4 {[%emt 0:00:01]} Rf7 {[%emt 0:00:01]} 18. Qh5 {[%emt 0:00:02]} Qe8 {[%emt 0:00:02]} 19. Rf4 {[%emt 0:00:03]} g6 {[%emt 0:00:01]} 20. Qh6 {[%emt 0:00:01]} a5 {[%emt 0:00:02]} 21. Rh4 {[%emt 0:00:01]} axb4 {[%emt 0:00:01]} 22. Qxg6 {[%emt 0:00:01]} Qg8 {[%emt 0:00:01]} 23. Qe6 {[%emt 0:00:03]} c5 {[%emt 0:00:01]} 24. d5 {[%emt 0:00:02]} Re8 {[%emt 0:00:01]} 25. Qh6 {[%emt 0:00:03]} Bxe5 {[%emt 0:00:01]} 26. Rd1 {[%emt 0:00:03]} Qg7 {[%emt 0:00:03]} 27. Qh5 {[%emt 0:00:02]} Rg8 {[%emt 0:00:01]} 28. g3 {[%emt 0:00:01]} Bxg3 {[%emt 0:00:01]} 29. Kf1 {[%emt 0:00:04]} Be5 {[%emt 0:00:02] Time Time Time Time Time (Lag: Av=0.65s, max=1.5s) (Lag: Av=0.65s, max=1.5s) (Lag: Av=0.65s, max=1.5s) (Lag: Av=0.65s, max=1.5s) (Lag: Av=0.65s, max=1.5s)} 0-1

[Event "Stay Safe Play From Home 365"]
[Site "Emanuel Lasker Arena"]
[Date "2020.08.07"]
[Round "5"]
[White "Tran Minh Thang"]
[Black "Lamborghini"]
[Result "1-0"]
[WhiteElo "2457"]
[BlackElo "2354"]
[PlyCount "85"]
[EventDate "2020.08.07"]
[EventType "swiss (blitz)"]

1. d4 {[%emt 0:00:01]} Nf6 {[%emt 0:00:01]} 2. Bf4 {[%emt 0:00:01]} g6 {[%emt 0:00:00]} 3. e3 {[%emt 0:00:00]} Bg7 {[%emt 0:00:00]} 4. Nd2 {[%emt 0:00:00]} O-O {[%emt 0:00:00]} 5. Ngf3 {[%emt 0:00:00]} d6 {[%emt 0:00:00]} 6. h3 {[%emt 0:00:00]} Nbd7 {[%emt 0:00:00]} 7. Be2 {[%emt 0:00:00]} b6 {[%emt 0:00:00]} 8. a4 {[%emt 0:00:01]} c5 {[%emt 0:00:00]} 9. a5 {[%emt 0:00:00]} b5 {[%emt 0:00:03]} 10. Bxb5 {[%emt 0:00:01]} Rb8 {[%emt 0:00:01]} 11. Bxd7 {[%emt 0:00:03]} Nxd7 {[%emt 0:00:03]} 12. Ra2 {[%emt 0:00:05]} cxd4 {[%emt 0:00:01]} 13. exd4 {[%emt 0:00:01]} e5 {[%emt 0:00:01]} 14. dxe5 {[%emt 0:00:03]} dxe5 {[%emt 0:00:01]} 15. Be3 {[%emt 0:00:00]} Ba6 {[%emt 0:00:02]} 16. Bxa7 {[%emt 0:00:02]} Rc8 {[%emt 0:00:01]} 17. Be3 {[%emt 0:00:04]} Qc7 {[%emt 0:00:01]} 18. b3 {[%emt 0:00:02]} Nf6 {[%emt 0:00:02]} 19. c4 {[%emt 0:00:01]} Rfd8 {[%emt 0:00:01]} 20. O-O {[%emt 0:00:01]} Bb7 {[%emt 0:00:01]} 21. Re1 {[%emt 0:00:02]} e4 {[%emt 0:00:01]} 22. Nd4 {[%emt 0:00:02]} Nh5 {[%emt 0:00:01]} 23. Nb5 {[%emt 0:00:01]} Qb8 {[%emt 0:00:01]} 24. a6 {[%emt 0:00:01]} Ba8 {[%emt 0:00:02]} 25. a7 {[%emt 0:00:01]} Qe5 {[%emt 0:00:01]} 26. Qc2 {[%emt 0:00:02]} Nf4 {[%emt 0:00:01]} 27. Bxf4 {[%emt 0:00:02]} Qxf4 {[%emt 0:00:01]} 28. Nf1 {[%emt 0:00:02]} h5 {[%emt 0:00:08]} 29. Qc1 {[%emt 0:00:07]} Qf6 {[%emt 0:00:03]} 30. Ne3 {[%emt 0:00:01]} Kh7 {[%emt 0:00:01]} 31. Rd1 {[%emt 0:00:02]} Bh6 {[%emt 0:00:01]} 32. Rxd8 {[%emt 0:00:01]} Rxd8 {[%emt 0:00:01]} 33. Rd2 {[%emt 0:00:00]} Rc8 {[%emt 0:00:03]} 34. Rd6 {[%emt 0:00:01]} Qf4 {[%emt 0:00:03]} 35. Qc3 {[%emt 0:00:01]} Bg7 {[%emt 0:00:05]} 36. Qd2 {[%emt 0:00:00]} Be5 {[%emt 0:00:01]} 37. Rd7 {[%emt 0:00:00]} Qh2+ {[%emt 0:00:01]} 38. Kf1 {[%emt 0:00:00]} Bc6 {[%emt 0:00:02]} 39. Rxf7+ {[%emt 0:00:01]} Kg8 {[%emt 0:00:00]} 40. Re7 {[%emt 0:00:01]} Bxb5 {[%emt 0:00:01]} 41. cxb5 {[%emt 0:00:01]} Bf4 {[%emt 0:00:00]} 42. Qd5+ {[%emt 0:00:01]} Kf8 {[%emt 0:00:01]} 43. Qf7# {[%emt 0:00:01] (Lag: Av=0.69s, max=1.0s) (Lag: Av=0.69s, max=1.0s) (Lag: Av=0.69s, max=1.0s) (Lag: Av=0.69s, max=1.0s) (Lag: Av=0.69s, max=1.0s)} 1-0

[Event "Stay Safe Play From Home 365"]
[Site "Emanuel Lasker Arena"]
[Date "2020.08.07"]
[Round "5"]
[White "AChessPlayer"]
[Black "Hickey"]
[Result "1-0"]
[WhiteElo "2438"]
[BlackElo "2137"]
[PlyCount "119"]
[EventDate "2020.08.07"]
[EventType "swiss (blitz)"]

1. Nf3 {[%emt 0:00:01]} c6 {[%emt 0:00:02]} 2. g3 {[%emt 0:00:00]} d5 {[%emt 0:00:00]} 3. Bg2 {[%emt 0:00:00]} g6 {[%emt 0:00:00]} 4. O-O {[%emt 0:00:00]} Bg7 {[%emt 0:00:00]} 5. d3 {[%emt 0:00:00]} Bf6 {[%emt 0:00:00]} 6. Nc3 {[%emt 0:00:01]} Bg7 {[%emt 0:00:01]} 7. e4 {[%emt 0:00:00]} Nf6 {[%emt 0:00:00]} 8. e5 {[%emt 0:00:01]} Nfd7 {[%emt 0:00:01]} 9. e6 {[%emt 0:00:01]} fxe6 {[%emt 0:00:01]} 10. d4 {[%emt 0:00:00]} O-O {[%emt 0:00:01]} 11. Re1 {[%emt 0:00:01]} e5 {[%emt 0:00:01]} 12. Nxe5 {[%emt 0:00:02]} Nxe5 {[%emt 0:00:01]} 13. dxe5 {[%emt 0:00:01]} Be6 {[%emt 0:00:02]} 14. Bf4 {[%emt 0:00:03]} Nd7 {[%emt 0:00:01]} 15. Qd2 {[%emt 0:00:01]} Rf7 {[%emt 0:00:01]} 16. h4 {[%emt 0:00:01]} Nf8 {[%emt 0:00:01]} 17. Rad1 {[%emt 0:00:01]} Bg4 {[%emt 0:00:01]} 18. f3 {[%emt 0:00:01]} Be6 {[%emt 0:00:01]} 19. Kh2 {[%emt 0:00:01]} Qb6 {[%emt 0:00:00]} 20. Na4 {[%emt 0:00:01]} Qc7 {[%emt 0:00:02]} 21. Nc5 {[%emt 0:00:01]} b6 {[%emt 0:00:00]} 22. Nd3 {[%emt 0:00:02]} Bf5 {[%emt 0:00:01]} 23. g4 {[%emt 0:00:01]} Bxd3 {[%emt 0:00:01]} 24. cxd3 {[%emt 0:00:00]} Ne6 {[%emt 0:00:01]} 25. Bg3 {[%emt 0:00:00]} Raf8 {[%emt 0:00:02]} 26. d4 {[%emt 0:00:02]} Qc8 {[%emt 0:00:05]} 27. g5 {[%emt 0:00:01]} Nf4 {[%emt 0:00:01]} 28. Bxf4 {[%emt 0:00:01]} Rxf4 {[%emt 0:00:00]} 29. Kg3 {[%emt 0:00:00]} e6 {[%emt 0:00:01]} 30. Qxf4 {[%emt 0:00:01]} Rxf4 {[%emt 0:00:02]} 31. Kxf4 {[%emt 0:00:00]} c5 {[%emt 0:00:00]} 32. Rc1 {[%emt 0:00:01]} c4 {[%emt 0:00:01]} 33. Bh3 {[%emt 0:00:01]} b5 {[%emt 0:00:01]} 34. Kg3 {[%emt 0:00:01]} Kf7 {[%emt 0:00:01]} 35. a3 {[%emt 0:00:01]} Bf8 {[%emt 0:00:01]} 36. Bg4 {[%emt 0:00:00]} a5 {[%emt 0:00:01]} 37. f4 {[%emt 0:00:01]} h5 {[%emt 0:00:03]} 38. gxh6 {[%emt 0:00:01]} Bxh6 {[%emt 0:00:00]} 39. h5 {[%emt 0:00:00]} gxh5 {[%emt 0:00:02]} 40. Bxh5+ {[%emt 0:00:00]} Ke7 {[%emt 0:00:00]} 41. Kf3 {[%emt 0:00:01]} Qf8 {[%emt 0:00:01]} 42. Kg2 {[%emt 0:00:05]} Qxf4 {[%emt 0:00:01]} 43. Bf3 {[%emt 0:00:01]} Qxd4 {[%emt 0:00:02]} 44. Rcd1 {[%emt 0:00:01]} Qxb2+ {[%emt 0:00:01]} 45. Re2 {[%emt 0:00:00]} Qxa3 {[%emt 0:00:01]} 46. Rh1 {[%emt 0:00:01]} Bf4 {[%emt 0:00:02]} 47. Rh7+ {[%emt 0:00:01]} Kd8 {[%emt 0:00:00]} 48. Rf7 {[%emt 0:00:01]} Bxe5 {[%emt 0:00:02]} 49. Rxe5 {[%emt 0:00:01]} Qb2+ {[%emt 0:00:01]} 50. Re2 {[%emt 0:00:00]} Qd4 {[%emt 0:00:01]} 51. Rxe6 {[%emt 0:00:02]} Qd2+ {[%emt 0:00:00]} 52. Re2 {[%emt 0:00:01]} Qg5+ {[%emt 0:00:00]} 53. Kf1 {[%emt 0:00:00]} Qc1+ {[%emt 0:00:01]} 54. Kf2 {[%emt 0:00:00]} Qg5 {[%emt 0:00:01]} 55. Rb7 {[%emt 0:00:03]} Qg6 {[%emt 0:00:01]} 56. Bxd5 {[%emt 0:00:01]} Qd6 {[%emt 0:00:01]} 57. Bf3 {[%emt 0:00:00]} Qc5+ {[%emt 0:00:01]} 58. Kg2 {[%emt 0:00:01]} c3 {[%emt 0:00:00]} 59. Re1 {[%emt 0:00:02]} Kc8 {[%emt 0:00:00]} 60. Rd1 {[%emt 0:00:01] Time Time Time Time Time (Lag: Av=0.74s, max=1.9s) (Lag: Av=0.74s, max=1.9s) (Lag: Av=0.74s, max=1.9s) (Lag: Av=0.74s, max=1.9s) (Lag: Av=0.74s, max=1.9s)} 1-0

[Event "Stay Safe Play From Home 365"]
[Site "Emanuel Lasker Arena"]
[Date "2020.08.07"]
[Round "5"]
[White "BrainThinker22"]
[Black "Buzaglo"]
[Result "1-0"]
[WhiteElo "2313"]
[BlackElo "1836"]
[Annotator "NA"]
[PlyCount "43"]
[EventDate "2020.08.07"]
[EventType "swiss (blitz)"]

1. e4 {[%emt 0:00:01]} e6 {[%emt 0:00:00]} 2. Nc3 {[%emt 0:00:01]} d5 {[%emt 0:00:00]} 3. d3 {[%emt 0:00:00]} d4 {[%emt 0:00:01]} 4. Nce2 {[%emt 0:00:01]} c5 {[%emt 0:00:00]} 5. g3 {[%emt 0:00:00]} Nc6 {[%emt 0:00:00]} 6. Bg2 {[%emt 0:00:00]} e5 {[%emt 0:00:01]} 7. f4 {[%emt 0:00:00]} exf4 {[%emt 0:00:01]} 8. Bxf4 {[%emt 0:00:00]} Nf6 {[%emt 0:00:01]} 9. Nf3 {[%emt 0:00:01]} Bd6 {[%emt 0:00:00]} 10. Bxd6 {[%emt 0:00:01]} Qxd6 {[%emt 0:00:01]} 11. h3 {[%emt 0:00:00]} Nh5 {[%emt 0:00:03]} 12. Kf2 {[%emt 0:00:01]} f5 {[%emt 0:00:03]} 13. exf5 {[%emt 0:00:03]} O-O {[%emt 0:00:01]} 14. g4 {[%emt 0:00:01]} Nf4 {[%emt 0:00:03]} 15. Nxf4 {[%emt 0:00:00]} Qxf4 {[%emt 0:00:00]} 16. Qd2 {[%emt 0:00:00]} Qd6 {[%emt 0:00:02]} 17. Rae1 {[%emt 0:00:01]} Bd7 {[%emt 0:00:01]} 18. a3 {[%emt 0:00:04]} c4 {[%emt 0:00:01]} 19. dxc4 {[%emt 0:00:01]} Ne7 {[%emt 0:00:03]} 20. Qxd4 {[%emt 0:00:01]} Qc7 {[%emt 0:00:01]} 21. Rxe7 {[%emt 0:00:02]} Rad8 {[%emt 0:00:01]} 22. Qxg7# {[%emt 0:00:01] (Lag: Av=0.52s, max=1.1s) (Lag: Av=0.52s, max=1.1s) (Lag: Av=0.52s, max=1.1s) (Lag: Av=0.52s, max=1.1s) (Lag: Av=0.52s, max=1.1s)} 1-0

[Event "Stay Safe Play From Home 365"]
[Site "Emanuel Lasker Arena"]
[Date "2020.08.07"]
[Round "5"]
[White "TheCHESSHOUSE"]
[Black "Oznog"]
[Result "1-0"]
[WhiteElo "2053"]
[BlackElo "1808"]
[PlyCount "57"]
[EventDate "2020.08.07"]
[EventType "swiss (blitz)"]

1. d4 {[%emt 0:00:04]} Nf6 {[%emt 0:00:01]} 2. c4 {[%emt 0:00:00]} c5 {[%emt 0:00:00]} 3. d5 {[%emt 0:00:01]} e6 {[%emt 0:00:00]} 4. Nc3 {[%emt 0:00:01]} exd5 {[%emt 0:00:00]} 5. cxd5 {[%emt 0:00:00]} d6 {[%emt 0:00:01]} 6. g3 {[%emt 0:00:01]} g6 {[%emt 0:00:00]} 7. Bg2 {[%emt 0:00:00]} Bg7 {[%emt 0:00:00]} 8. Nf3 {[%emt 0:00:00]} O-O {[%emt 0:00:01]} 9. O-O {[%emt 0:00:00]} Re8 {[%emt 0:00:01]} 10. e4 {[%emt 0:00:01]} a6 {[%emt 0:00:00]} 11. Re1 {[%emt 0:00:01]} b5 {[%emt 0:00:01]} 12. a3 {[%emt 0:00:02]} Nbd7 {[%emt 0:00:01]} 13. Bg5 {[%emt 0:00:03]} Qc7 {[%emt 0:00:01]} 14. e5 {[%emt 0:00:04]} dxe5 {[%emt 0:00:03]} 15. d6 {[%emt 0:00:01]} Qb6 {[%emt 0:00:02]} 16. Bxf6 {[%emt 0:00:03]} Bxf6 {[%emt 0:00:03]} 17. Nd5 {[%emt 0:00:01]} Qd8 {[%emt 0:00:02]} 18. Nc7 {[%emt 0:00:02]} Bb7 {[%emt 0:00:01]} 19. Nxe8 {[%emt 0:00:04]} Qxe8 {[%emt 0:00:02]} 20. Nxe5 {[%emt 0:00:04]} Bxe5 {[%emt 0:00:08]} 21. Bxb7 {[%emt 0:00:02]} Rb8 {[%emt 0:00:02]} 22. Bf3 {[%emt 0:00:01]} c4 {[%emt 0:00:01]} 23. Kg2 {[%emt 0:00:01]} f5 {[%emt 0:00:02]} 24. Qd5+ {[%emt 0:00:01]} Kg7 {[%emt 0:00:02]} 25. Rad1 {[%emt 0:00:02]} Bxb2 {[%emt 0:00:02]} 26. Rxe8 {[%emt 0:00:01]} Rxe8 {[%emt 0:00:02]} 27. Qc6 {[%emt 0:00:01]} Nf6 {[%emt 0:00:02]} 28. d7 {[%emt 0:00:01]} Nxd7 {[%emt 0:00:01]} 29. Rxd7+ {[%emt 0:00:02] Oznog resigns Oznog resigns Oznog resigns Oznog resigns Oznog resigns (Lag: Av=0.84s, max=1.5s) (Lag: Av=0.84s, max=1.5s) (Lag: Av=0.84s, max=1.5s) (Lag: Av=0.84s, max=1.5s) (Lag: Av=0.84s, max=1.5s)} 1-0

[Event "Stay Safe Play From Home 365"]
[Site "Emanuel Lasker Arena"]
[Date "2020.08.07"]
[Round "5"]
[White "Lazieri3"]
[Black "NTBT_DHS"]
[Result "0-1"]
[WhiteElo "2026"]
[BlackElo "2582"]
[PlyCount "62"]
[EventDate "2020.08.07"]
[EventType "swiss (blitz)"]

1. e4 {[%emt 0:00:02]} g6 {[%emt 0:00:00]} 2. Nc3 {[%emt 0:00:00]} Bg7 {[%emt 0:00:00]} 3. d4 {[%emt 0:00:00]} d6 {[%emt 0:00:00]} 4. Bd2 {[%emt 0:00:01]} Bxd4 {[%emt 0:00:02]} 5. Nf3 {[%emt 0:00:00]} Bg7 {[%emt 0:00:01]} 6. Qc1 {[%emt 0:00:00]} Nf6 {[%emt 0:00:00]} 7. Bh6 {[%emt 0:00:02]} O-O {[%emt 0:00:01]} 8. h4 {[%emt 0:00:01]} Bxh6 {[%emt 0:00:01]} 9. Qxh6 {[%emt 0:00:02]} Ng4 {[%emt 0:00:00]} 10. Qd2 {[%emt 0:00:01]} h5 {[%emt 0:00:01]} 11. Be2 {[%emt 0:00:01]} c5 {[%emt 0:00:01]} 12. Ng5 {[%emt 0:00:02]} Nc6 {[%emt 0:00:00]} 13. Bxg4 {[%emt 0:00:01]} Bxg4 {[%emt 0:00:01]} 14. f3 {[%emt 0:00:01]} Bd7 {[%emt 0:00:01]} 15. Nh3 {[%emt 0:00:01]} Bxh3 {[%emt 0:00:01]} 16. Rxh3 {[%emt 0:00:01]} Qd7 {[%emt 0:00:02]} 17. Qh6 {[%emt 0:00:02]} e6 {[%emt 0:00:03]} 18. Rg3 {[%emt 0:00:01]} Nd4 {[%emt 0:00:02]} 19. O-O-O {[%emt 0:00:03]} b5 {[%emt 0:00:00]} 20. Re1 {[%emt 0:00:08]} b4 {[%emt 0:00:01]} 21. Nd1 {[%emt 0:00:01]} a5 {[%emt 0:00:04]} 22. Qxh5 {[%emt 0:00:01]} Kg7 {[%emt 0:00:03]} 23. Qg5 {[%emt 0:00:01]} Qa4 {[%emt 0:00:02]} 24. Ne3 {[%emt 0:00:02]} Qxa2 {[%emt 0:00:03]} 25. h5 {[%emt 0:00:01]} Rh8 {[%emt 0:00:03]} 26. hxg6 {[%emt 0:00:02]} f6 {[%emt 0:00:00]} 27. Qg4 {[%emt 0:00:05]} Qa1+ {[%emt 0:00:01]} 28. Kd2 {[%emt 0:00:02]} Qxb2 {[%emt 0:00:00]} 29. Rc1 {[%emt 0:00:02]} Qc3+ {[%emt 0:00:04]} 30. Kd1 {[%emt 0:00:03]} Qxe3 {[%emt 0:00:00]} 31. f4 {[%emt 0:00:02]} Rh1# {[%emt 0:00:02] (Lag: Av=0.86s, max=1.7s) (Lag: Av=0.86s, max=1.7s) (Lag: Av=0.86s, max=1.7s) (Lag: Av=0.86s, max=1.7s) (Lag: Av=0.86s, max=1.7s)} 0-1